000 00261nam a2200097 a 4500
005 20200930075951.0
008 120201s1973 000 spa d
245 0 _aHistory of the communist party of the soviet union.
260 _aLondon,
_c1973.
999 _c36327
_d36327
040 _aDO-SdBNP